Dogmt̀ica jurd̕ica y aplicacin̤ de normas un anl̀isis de las ideas de autonoma̕ de ramas jurd̕icas y unidad del derecho /

Bibliographic Details
Main Author: Lariguet, Guillermo
Format: Unknown
Language:Spanish
Published: Cr̤doba (Argentina) : Alveroni, 2006
Online Access:Acceso restringido

MARC

LEADER 00000ny a22000003n 4500
005 20110520142650.0
008 080805s2006 ag s 000 0 spa d
020 |a 9871145683 
035 |a 2275 
040 |a UMA.RE  |d vLex 
080 |a 340.13(0.034) 
090 |c 121  |d 121 
100 1 |a Lariguet, Guillermo 
245 1 0 |a Dogmt̀ica jurd̕ica y aplicacin̤ de normas  |h [Recurso electrn̤ico]  |b un anl̀isis de las ideas de autonoma̕ de ramas jurd̕icas y unidad del derecho /   |c Guillermo Lariguet 
256 |a Servicio en ln̕ea 
260 |a Cr̤doba (Argentina) :   |b Alveroni,   |c 2006 
506 1 |a Contenido solo disponible en los productos indicados  |d vLex Global  |d vLex Global (Academic Edition, excluding Law Schools)  |d vLex Global (U.S. Academic Edition, Law Schools)  |d vLex Global (U.S. Academic Edition, excluding Law Schools)  |d vLex Global (Academic Edition, Law Schools) 
740 0 |a vLex Libros (Servicios en ln̕ea) 
856 4 0 |u http://vlex.com/source/2275  |z Acceso restringido 
942 |c BOOK 
999 0 4 |a Law  |b Argentina 
999 0 4 |a Norma jurd̕ica  |v En ln̕ea